000
00246nam a2200097Ia 4500
001
655304
005
20250826154534.0
008
250824s9999 xx 000 0 und d
245
0
_a
MARTI ANTİK
_c
ANTON ÇEHOV
260
_b
ANTİK DÜNYA KLASİKLERİ
999
_c
655304
_d
655304